000 00220 a2200097 4500
001 119689
040 _cEscola Canadense de Niteroi
245 1 0 _aAlfabeto ilustrado [Banner]
650 4 _aLĂ­ngua Portuguesa
942 _cMATP
999 _c119689
_d119689